Sports Quiz

Random Sports or NBA Quiz

NBA All-Star Venues Quiz Stats

 Plays Quiz not verified by Sporcle

Challenge
Share
Tweet
Embed
Score 0/70 Timer 08:00
0 Plays Today
Year Venue % Correct
2019Spectrum Center
100%
2020United Center
100%
2021Bankers Life Fieldhouse
100%
2015Barclays Center
90.6%
2018Staples Center
90%
1954Madison Square Garden
88.4%
1955Madison Square Garden
88.4%
1998Madison Square Garden
88.4%
2004Staples Center
87.6%
2011Staples Center
87.6%
1968Madison Square Garden
86.8%
2017Smoothie King Center
84%
2013Toyota Center
82.6%
2014New Orleans Arena
75.3%
1996Alamodome
74.4%
1951Boston Garden
73.6%
1952Boston Garden
73.6%
1957Boston Garden
73.6%
1964Boston Garden
73.6%
2010Cowboys Stadium
70.2%
2005Pepsi Center
66.9%
2006Toyota Center
66.9%
1972The Forum
65.3%
1983The Forum
65.3%
1994Target Center
65.3%
2001MCI Center
63.6%
2008New Orleans Arena
62%
1995America West Arena
59.5%
2016Air Canada Centre
59.4%
1970The Spectrum
58.7%
1976The Spectrum
58.7%
2012Amway Center
58.7%
1997Gund Arena
57%
2002First Union Center
57%
1992Orlando Arena
55.4%
Year Venue % Correct
2009US Airways Center
53.7%
2003Philips Arena
52.1%
1993Delta Center
49.6%
1986Reunion Arena
48.8%
2007Thomas & Mack Center
47.1%
1989Astrodome
46.3%
1973Chicago Stadium
45.5%
1988Chicago Stadium
45.5%
1990Miami Arena
39.7%
1987Kingdome
38.8%
1991Charlotte Coliseum
37.2%
2000The Arena in Oakland
35.5%
1967Cow Palace
31.4%
1985Hoosier Dome
28.9%
1979Pontiac Silverdome
24.8%
1980Capital Centre
23.1%
1984McNichols Sports Arena
23.1%
1958St. Louis Arena
20.7%
1962St. Louis Arena
20.7%
1965St. Louis Arena
20.7%
1971San Diego Sports Arena
20.7%
1966Cincinnati Gardens
19%
1969Baltimore Civic Center
19%
1982Brendan Byrne Arena
18.2%
1981Coliseum at Richfield
17.4%
1977Milwaukee Arena
16.5%
1959Olympia Stadium
15.7%
1978Omni Coliseum
13.2%
1974Seattle Center Coliseum
11.6%
1963LA Sports Arena
10.7%
1953Allen County War Memorial Coliseum
9.9%
1975Veterans Memorial Coliseum
9.1%
1960Convention Hall
7.4%
1956Rochester War Memorial Coliseum
6.6%
1961Onondaga County War Memorial Coliseum
5.8%

You're not logged in!

Compare scores with friends on all Sporcle quizzes.
Join for Free
OR
Log In

You Might Also Like...

Show Comments

Extras

Top Quizzes Today


Score Distribution

Your Account Isn't Verified!

In order to create a playlist on Sporcle, you need to verify the email address you used during registration. Go to your Sporcle Settings to finish the process.

Report this User

Report this user for behavior that violates our Community Guidelines.

Details: